El pensamiento latinoamericano en la problemática ciencia - tecnología - desarrollo - dependencia /

Guardado en:
Otros Autores: Sábato, Jorge A.
Formato: Libro
Idioma:Spanish
Publicado: Buenos Aires : Paidós, 1975.
Series:Biblioteca de economía, política, sociedad ; 18
Acceso en línea:Acceso a la descarga del texto completo (ed. 2011)
Etiquetas: Agregar Etiqueta
Sin Etiquetas, Sea el primero en etiquetar este registro!
LEADER 00920nam a22001935a 4500
001 EEA.libagro005144
008 130809s1975####ag############000#0#spa#d
005 20201012142225.0
245 0 3 |a El pensamiento latinoamericano en la problemática ciencia - tecnología - desarrollo - dependencia /  |c Jorge A. Sábato introducción, selección, ordenamiento y notas. 
260 |a Buenos Aires :  |b Paidós,  |c 1975. 
300 |a 349 p. :  |b diagrs. ;  |c 23 cm. 
490 1 |a Biblioteca de economía, política, sociedad ;  |v 18 
530 |a Disponible también en línea. 
700 1 |a Sábato, Jorge A. 
082 0 4 |a 303.483098 
082 0 4 |a 306.4 
082 0 4 |a 501 
856 4 1 |3 Acceso a la descarga del texto completo (ed. 2011)  |u https://www.argentina.gob.ar/ciencia/publicaciones/libros/el-pensamiento-latinoamericano-en-la-problematica-ciencia-tecnologia-desarrollo-dependencia 
859 |a AR-BbBCA  |b BIB. AGRONOMIA  |h 303.483098  |i S113  |p 1995/2415